|
|
|
|
| LEADER |
00761nam a22002051a 4500 |
| 001 |
c000113789 |
| 003 |
CARM |
| 005 |
19991222110642.0 |
| 008 |
840820s1936 enk 000 0 eng d |
| 019 |
1 |
|
|a 12407925
|5 LACONCORD2021
|
| 035 |
|
|
|a (OCoLC)10544993
|5 LACONCORD2021
|
| 040 |
|
|
|a QMS
|b eng
|c QMS
|d QMS
|d VCAV
|
| 050 |
0 |
0 |
|a PR6045.R35
|b B8
|
| 100 |
1 |
|
|a Wren, Percival Christopher,
|d 1885-1941.
|
| 245 |
1 |
0 |
|a Bubble reputation /
|c by Percival Christopher Wren.
|
| 260 |
|
|
|a London :
|b J. Murray,
|c 1936.
|
| 300 |
|
|
|a 334p ;
|c 20cm.
|
| 852 |
8 |
|
|b CARM
|h A2:AH38H0
|i A02397
|p 0161844
|f BK
|
| 999 |
f |
f |
|i 9e3c0245-3348-5fa6-8f94-a61c815b695b
|s ca5bab13-7204-543e-9f91-a6c894874492
|
| 952 |
f |
f |
|p Can circulate
|a CAVAL
|b CAVAL
|c CAVAL
|d CARM 1 Store
|e A02397
|f A2:AH38H0
|h Other scheme
|i book
|m 0161844
|